| 000 | 00760nam a2200241Ia 4500 | ||
|---|---|---|---|
| 003 | GCL | ||
| 008 | 140319s9999 xx 000 0 ara d | ||
| 020 | _a6056048977 | ||
| 040 |
_aGCL / _cGCL |
||
| 082 | 0 | 4 |
_a214.5 _bب أ |
| 100 | 1 | _aبركات محمد مراد | |
| 245 | 1 | 0 |
_aالاسلام والبيئة : _bرؤية اسلامية حضارية / _cبركات محمد مراد |
| 250 | _aالاولى | ||
| 260 |
_aالقاهرة : _bدار القاهرة ، _c2003 |
||
| 300 |
_a163 ص ؛ _c24 سم |
||
| 650 | 0 | 4 | _aالبيئة |
| 650 | 0 | 4 | _aتلوث البيئة |
| 650 | 0 | 4 | _aالاسلام |
| 650 | 0 | 4 | _aحماية البيئة |
| 650 | 0 | 4 | _aالاسلام والعلم |
| 650 | 0 | 4 | _aالثقافة الاسلامية |
| 942 |
_2ddc _cBK |
||
| 999 |
_c6324 _d6324 |
||